000 00884nas a2200289 4500
001 BR0805800
003 BR-BrBNA
005 20231205112022.0
007 ta
008 230509b bl.|||p| |||| 00| 00por d
040 _aBR-BrBNA
_bpor
_cBiblioteca Nacional de Agricultura
041 _a(Pt)
072 _aL51; L01
100 1 _aNunes, R.V.
100 1 _aRostagno, H.S.
100 1 _aGomes, P.C.
100 1 _aNunes, C.G.V.
100 1 _aPozza, P.C.
100 1 _aAraújo, M.S. de
245 1 _aCoeficiente de metabolizabilidade da energia bruta de diferentes ingredientes para frangos de corte
650 _aFRANGO DE CORTE
650 _aDIGESTIBILIDADE
650 _aINGREDIENTE
773 0 _tRevista Brasileira de Zootecnia (Brazil)
_xISSN 1516-3598
_g(Jan 2008), v. 37(1) p. 89-94
_wBR0805800
909 _a202311
_bLúcia
_c55
_dLúcia Elande
942 _2AGRIS
_n0
_cANA
999 _c195658
_d195658